Statistics for Warrior Cats - Thunderclan Cats In Starclan

Click here to take the quiz!

General Stats

  • This quiz has been taken 49 times
  • The average score is 14 of 17

Answer Stats

Hint Answer % Correct
The last she-cat leader of ThunderclanBluestar
100%
A deputy who was slain by a clanmate at SunningrocksRedtail
100%
Died in a fire that engulfed Thunderclan campYellowfang
95%
A medicine cat killed during a rogue attack on the campSpottedleaf
95%
The sister of the above, killed by a monster on the ThunderpathSnowfur
91%
During a badger attack, this cat was killed protecting SorreltailCinderpelt
91%
Killed by Hollyleaf after being consumed by the bitterness of rejectionAshfur
86%
Killed and left as bait for Tigerstar's dog pack near campBrindleface
86%
An elder killed in the Dark Forest battleMousefur
84%
Killed by Bone of Bloodclan during the battle for the forestWhitestorm
84%
Deputy for a short time before succuming to wounds after Shadowclan's attackLionheart
80%
Killed by the dog pack brought to the forest by TigerstarSwiftpaw
80%
Killed by a falling tree while returning to camp to get preyLongtail
80%
Bitten by a snake and dies from its venomHoneyfern
75%
Killed by two Dark Forest cats after returning 'from the dead' previouslyHollyleaf
64%
Attacked and killed by Hawkheart after a misinterpreted omenMoonflower
57%
Killed by Brokenstar during the Dark Forest battleFerncloud
57%

Score Distribution

Percentile by Number Answered

Percent of People with Each Score

Your Score History

You have not taken this quiz